Länder mit 8 Buchstaben - Statistiken

Allgemein
  • Dieses Quiz wurde 321 mal gespielt
  • Das Durchschnittsergebnis liegt bei 21 aus 37
Antwortstatistiken
Antwort % Korrekt
Finnland
87%
Russland
84%
Schweden
84%
Norwegen
80%
Portugal
80%
Algerien
77%
Lettland
75%
Dänemark
70%
Thailand
70%
Slowakei
69%
Albanien
68%
Bolivien
65%
Rumänien
62%
Tunesien
62%
Armenien
60%
Honduras
60%
Paraguay
60%
Südkorea
60%
Pakistan
59%
Tansania
56%
Südsudan
55%
Georgien
54%
Kroatien
54%
Botswana
52%
Mongolei
49%
Simbabwe
46%
Malaysia
45%
Singapur
44%
Mosambik
42%
Barbados
40%
Kiribati
37%
Dominica
36%
Suriname
35%
Kap Verde
33%
Sri Lanka
33%
Eswatini
30%
Osttimor
28%
Keine übereinstimmenden Quizze gefunden
Verteilung der Resultate
Anzahl Personen mit jedem Resultat
Perzentil nach korrekt beantworteten Fragen
Ihre Resultats-Entwicklung
Sie haben dieses Quiz noch nicht gespielt